1089 1267 1778 1229 1463 1587 1786 1014 1466 1779 1648 1492 1917 1347 1905 1730 1086 1450 1300 1988 1280 1217 1556 1607 1509 1443 1440 1224 1564 1578 1800 1461 1305 1751 1590 1368 1312 1938 1816 1890 1929 1480 1268 1725 1276 1300 1610 1963 1673 1521 1451 1133 1473 1631 1615 1613 1853 1913 1798 1954 1941 1150 1014 1466 1825 1951 1876 1038 1154 1638 1189 1312 1344 1164 1863 1216 1371 1353 1479 1072 1807 1580 1106 1031 1288 1030 1920 1520 1568 1406 1802 1232 1990 1558 1405 1772 1653 1895 1970 BCNSPRNW ULIB Ver.6.0+V

เปลี่ยนเป็นภาษาไทย

Change to English
 แสดงรายละเอียดบรรณานุกรม
  กลับหน้าหลัก

Brief Record : Get Marc (ISO 2709) : E-mail record : QR code < ปิดหน้าต่าง
LEADER : 00000nam 2200000uu 4500
001    13399121451
003     ULIB
008    121120s2555||||th 000 0 tha d
020    ^a9786169074311
060  4 ^aWB100^bว865ค
100 0  ^aวุฒิ วุฒิธรรมเวช
245 00 ^aคู่มือเวชกรรมไทย/^cโดย วุฒิ วุฒิธรรมเวช และคณะ
260    ^aกรุงเทพฯ:^bคลินิกธรรมเวชแพทย์แผนไทย,^c2555.
300    ^a400 หน้า
650  0 ^aการแพทย์แผนไทย
650  0 ^aโรค^xการป้องกันและรักษา
945    ^p750^l0^i033113
945    ^p750^l0^i033114
999    ^aทศพร
รายการนี้ยังไม่มีแท็ก
คุณยังไม่ได้ล็อกอิน คุณสามารถมีกิจกรรมร่วมกับเว็บไซต์ได้ แต่ต้องล็อกอินก่อน ::
  ล็อกอิน

รายการสื่อสารสนเทศ

ลำดับที่ ประเภท เลขเรียก/บาร์โค้ด สถานที่ สถานะ
1. วิทยาศาสตร์การแพทย์ และสุขภาพ
หนังสือสำรอง
สถานะ=หนังสือสำรอง
WB100 ว865ค ฉ.1 
  Barcode: 033113
ห้องสมุดวิทยาเขตสวรรค์ประชารักษ์
►ส่วนจัดเก็บหนังสือเก่า สปร
บนชั้น
  ขอยืม
2. วิทยาศาสตร์การแพทย์ และสุขภาพ
วิทยาศาสตร์การแพทย์ และสุขภาพ
WB100 ว865ค ฉ.2 
  Barcode: 033114
ห้องสมุดวิทยาเขตสวรรค์ประชารักษ์
►หนังสือทั่วไป
บนชั้น

รายการใกล้เคียง
    ผู้แต่ง [วุฒิ วุฒิธรรมเวช]

    หัวเรื่อง [การแพทย์แผนไทย]

BibComment


ยังไม่เคยถูกคอมเมนท์

คอมเมนท์ทรัพยากรรายการนี้
  คอมเมนท์: คู่มือเวชกรรมไทย..


 Copyright 2026. Bcnsprnw @Library